| 000 | 00889pam a2200289 a 4500 | ||
|---|---|---|---|
| 001 | 16000 | ||
| 003 | BD-RjUL | ||
| 005 | 20211208235930.0 | ||
| 008 | 140211s1983 maua b 001 0 eng | ||
| 020 | _a0201102919 | ||
| 035 | _a(BD-RjUL)16055 | ||
| 040 |
_aDLC _cDLC _dDLC _dBD-RjUL _beng |
||
| 041 | _aeng | ||
| 082 | 0 | 0 |
_a658.15 _219 _bCOF |
| 100 | 1 |
_aCopeland, Thomas E., _d1946- _949559 |
|
| 245 | 1 | 0 |
_aFinancial theory and corporate policy / _cThomas E. Copeland, J. Fred Weston. |
| 250 | _a2nd ed. | ||
| 260 |
_aReading, Mass. : _bAddison-Wesley Pub. Co., _cc1983. |
||
| 300 |
_axviii, 795 p. : _bill. ; _c24 cm. |
||
| 504 | _aIncludes bibliographies and indexes. | ||
| 650 | 0 |
_aCorporations _xFinance. _949560 |
|
| 650 | 0 |
_aFinance. _949561 |
|
| 700 | 1 |
_aWeston, J. Fred _q(John Fred), _d1916- _948415 |
|
| 942 |
_2ddc _cBK |
||
| 999 |
_c16000 _d16000 |
||